000 00514nam a2200181Ia 4500
003 GCL
008 140319s9999 xx 000 0 ara d
040 _aGCL /
_cGCL
082 0 4 _a668.4
_bك ب
100 1 _aكزنر, ا. ج.
245 1 0 _aالبلاستيك فى خدمة الانسان /
_cكزنر, ا. ج.
700 1 _aيوسف مصطفى الحارونى
300 _a375 ص
490 _aالالف كتاب
_v0
650 0 4 _aالتكنولوجيا
650 0 4 _aالبلاستيك
942 _2ddc
_cBK
999 _c44180
_d44180